Olympique Lyonnais - Tous les joueurs de 2010 à 2025 - Statistiques

Statistiques générales
  • Ce quiz a été pris 11 442 fois
    1 768 depuis la dernière actualisation
  • Le résultat moyen est 77 sur 168
Statistiques - réponses
Saisons Nationalité Joueur Nombres
De matchs
Poste % Correct
2009 - 20172022 - 2025 France AlexandreLacazette 391 A
97%
2011 - 2024 Portugal Anthony Lopes 489 G
97%
2013 - 2014 Portugal Miguel Lopes 31 D
97%
2013 - 20172022 - France CorentinTolisso 270 M
94%
2016 - 2021 Pays-Bas Memphis Depay 178 A
84%
2013 - 2019 France NabilFékir 193 M
84%
2019 - 2025 France RayanCherki 185 M/A
84%
2018 - 2019 France Yassin Fékir 3 A
84%
2016 - 2023 Algérie HoussemAouar 233 M
81%
2009 - 2013 Argentine LisandroLópez 168 A
80%
2012 - 20172025 - Algérie Rachid Ghezzal 119 A
80%
2022 - 2025 Argentine NicolasTagliafico 102 D
79%
2015 - 2021 Cote D'ivoire MaxwelCornet 252 D/A
78%
2011 - 2017 France Gueida Fofana 104 M
77%
2023 - Belgique MalickFofana 62 A
77%
2020 - 2022 Brésil Lucas Paqueta 78 M
76%
2009 - 2017 France Maxime Gonalons 334 M
76%
2023 - Angola ClintonMata 73 D
74%
2024 - Sénégal MoussaNiakhaté 42 D
72%
2008 - 2012 France Hugo Lloris 202 G
71%
2018 - 2025 France MaxenceCaqueret 184 M
71%
2017 - 2020 Brésil Marçal 75 D
70%
2011 - 2016 France SamuelUmtiti 170 D
70%
2017 - 2020 Burkina Faso Bertrand Traore 126 A
69%
2024 - 2025 Géorgie GeorgesMikautadze 47 A
69%
2018 - 2022 Belgique JasonDenayer 139 D
69%
2023 - 2025 Brésil LucasPerri 49 G
69%
2023 - Angleterre AinsleyMaitland - Niles 73 D/M
68%
2020 - 2021 Brésil BrunoGuimaraes 46 M
68%
2004 - 2012 Brésil Cris 310 D
68%
2009 - 20132022 - 2024 Croatie Dejan Lovren 134 D
68%
2008 - 2011 Bosnie-Herzégovine Miralem Pjanic 121 M
67%
2024 - Etats - Unis TannerTessmann 35 M
67%
2009 - 2014 France BafétimbiGomis 244 A
66%
2019 - 2023 Cameroun KarlToko-Ekambi 114 A
65%
2018 - 2023 France Moussa Dembélé 172 A
65%
2017 - 2018 RépubliqueDominicaine MarianoDiaz 48 A
64%
2023 - 2025 Croatie Duje Caleta - Car 57 D
63%
2006 - 2012 Suède KimKallstrom 283 M
63%
2023 - 2024 Irlande Jake O'Brien 32 D
62%
2010 - 2015 France Yoan Gourcuff 128 M
62%
2009 - 2017 France ClémentGrenier 154 M
61%
2023 - Ghana ErnestNuamah 66 A
61%
2015 - 2019 Madagascar JérémyMorel 139 D
60%
2017 - 2021 Brésil Marcelo 165 D
59%
2003 - 2013 France AnthonyRéveillère 400 D
58%
2014 - 2017 France ChristopheJallet 92 D
58%
2021 - 2023 Allemagne Jerome Boateng 35 D
58%
2012 - 2018 France Jordan Ferri 213 M
58%
2017 - 2020 Pays-Bas Kenny Tete 80 D
58%
2023 - 2025 Serbie NemanjaMatic 58 M
58%
2002 - 20022005 - 2014 France Rémy Vercoutre 112 G
58%
2021 - 2023 Brésil Tete 30 A
58%
2018 - 2022 France LéoDubois 129 D
57%
2017 - 20192021 - 2022 France Tanguy Ndombélé 111 M
57%
2020 - 20222023 - 2024 Zimbabwe TinoKadewere 64 A
57%
2011 - 2016 Burkina Faso BakaryKoné 141 D
56%
2021 - 2023 France BradleyBarcola 44 A
56%
2015 - 2020 France Lucas Tousart 165 M
56%
2009 - 2013 Brésil Michel Bastos 142 M/A
56%
2011 - 2014 Mali SidyKoné 5 M
56%
2019 - 2020 Mali YoussoufKoné 16 D
56%
2024 - Brésil Abner 27 D
55%
2019 - 2020 Danemark JoachimAndersen 35 D
55%
2015 - 2020 Brésil Rafael 139 D
55%
2021 - 2022 Italie Emerson 36 D
54%
2020 -2021 Algérie Islam Slimani 21 A
53%
2020 - 2023 France Malo Gusto 61 D
53%
2024 - France RemyDescamps 3 G
53%
2015 - 2017 Espagne Sergi Darder 73 M
53%
2019 - 2023 Brésil Thiago Mendes 143 M
52%
2017 - 2020 Algérie Amine Gouiri 15 A
51%
2012 - 2016 Serbie Milan Bisevac 101 D
51%
1997 - 2001 2012 - 2016 France Steed Malbranque 240 M
51%
2015 - 2017 France Mathieu Valbuena 76 M
50%
2021 - 2023 France Castello Lukeba 68 D
49%
2017 - 2019 France Ferland Mendy 79 D
49%
2013 - 2016 Cameroun Henry Bedimo 103 D
49%
2020 - 2021 Italie MattiaDe Sciglio 33 D
49%
2022 - 2023 Suède AminSarr 18 A
48%
2021 - 2022 Suisse XherdanShaqiri 16 M/A
48%
2019 - 2020 Roumanie CiprianTatarusanu 6 G
47%
2022 - 2024 Sénégal MamadouSarr 3 D
47%
2012 - 2014 Sénégal NabySarr 5 D
47%
2024 - 2025 Argentine ThiagoAlmada 20 M
47%
2006 - 2011 France Jérémy Toulalan 210 M
46%
2010 - 20112012 - 2019 France MathieuGorgelin 20 G
46%
2023 - 20242025 - Belgique OrelMangala 12 M
45%
2012 - 2015 Cameroun ClintonN'Jié 43 A
43%
2016 - 2017 Pologne MaciejRybus 28 D
43%
2015 - 2020 France MapouYanga-Mbiwa 72 D
43%
2010 - 2014 France JimmyBriand 160 A
42%
2020 - 2024 Cote d'ivoire SinalyDiomande 85 D
42%
2022 - 2025 France SaelKumbedi 61 D
41%
2016 - 2017 Argentine EmanuelMammana 25 D
40%
2023 - 2025 Algérie SaidBenrahma 37 M/A
40%
2019 - 20202021 - 2023 France Jeff Reine-Adélaïde 48 M
39%
2023 - 2024 Belgique DiegoMoreira 9 A
38%
2008 - 2011 Cameroun Jean IIMakoun 105 M
38%
2024 - Angleterre AlejandroGomes Rodriguez 1 A
37%
2015 - 2016 France Claudio Beauvue 29 A
37%
2023 - 2025 Nigéria EmmanuelGift Orban 21 A
37%
2022 - 2024 Brésil Jeffinho 21 A
37%
2019 - 2021 Brésil Jean Lucas 25 M
36%
2018 - 2020 France MartinTerrier 77 A
36%
2016 - 2017 Cameroun NicolasN'koulou 22 D
36%
2020 - 2023 Allemagne JulianPollersbeck 11 G
35%
2012 - 2016 R-D-Congo ArnoldMvuemba 83 M
34%
2024 - France EnzoMolebe 2 A
34%
2024 - 2025 France JordanVeretout 38 M
34%
2024 - Croatie TéoBarisic 1 D
34%
2012 - 2015 Algérie YassineBenzia 54 M/A
34%
2009 - 2012 France AlyCissokho 136 D
33%
2007 - 2011 Argentine CésarDelgado 101 A
33%
2016 - 2018 Guinée MouctarDiakhaby 55 D
33%
2022 - 2024 France RémyRiou 11 G
33%
2019 - 2021 France Melvin Bard 19 D
32%
2017 - 2019 Sénégal PapeCheikh Diop 25 M
32%
2014 - 2016 Maurice Lindsay Rose 19 D
31%
2023 - 2024 Guinée - Bissau MamaBaldé 23 A
31%
2012 - 2013 France AnthonyMartial 4 A
30%
2020 -2021 Algérie DjamelBenlamri 8 D
30%
2023 - 2025 Cote D'ivoire PaulAkouokou 14 M
30%
2021 - 2023 France Damien Da Silva 29 D
29%
2020 - 2021 France Florent Da Silva 1 M
29%
2021 - 2024 Brésil Henrique 45 D
29%
2008 - 2012 Brésil Ederson 114 M
28%
2016 - 2017 France Jean-PhillipeMateta 2 A
28%
2022 - 2024 France JohanLepenant 40 M
28%
2011 - 2015 Algérie Mehdi Zeffane 24 D
28%
2011 - 2015 France MouhamadouDabo 91 D
28%
2015 - 2017 RépubliqueDémocratique Du Congo AldoKalulu 20 A
27%
2017 - 2018 France Willem Geubbels 4 A
27%
2023 - 2024 Brésil Adryelson 4 D
26%
2023 - 2025 France MahamadouDiawara 16 M
26%
2017- 2018 Luxembourg Christopher Martins Pereira 2 M
25%
2020 - 2021 Turquie Cenk Özkacar 1 D
24%
2017 - 2018 Comores Myziane Maolida 22 A
24%
2021 - 2023 France RomainFaivre 28 M
23%
2013 - 2015 France GaelDanic 22 M
22%
2015 - 2016 France Romain Del Castillo 2 A
22%
2024 - 2025 CoteD'ivoire WilfriedZaha 6 A
22%
2013 - 2015 France FarèsBahlouli 14 M
21%
2010 - 2012 France Jérémy Pied 56 D/M/A
21%
2014 - 2015 Guinée MohamedYattara 23 A
21%
2015 - 2017 France GaetanPerrin 3 M
20%
2022 - 2024 France MohamedEl Arouch 3 M
20%
2009 - 2012 Algérie IshakBelfodil 13 A
19%
2023 - 2024 France SkellyAlvero 8 M
19%
2024 - 2025 Comores WarmedOmari 4 D
19%
2020 - 2022 Sénégal HabibKeita 7 M
18%
2010 - 2011 Sénégal Pape Diakhaté 32 D
18%
2012 - 2014 France Alassane Pléa 12 A
17%
2012 - 2013 Argentine Fabian Monzon 12 D
17%
2008 - 20092011 - 2012 Ghana JohnMensah 18 D
15%
2015 - 2017 Cameroun OlivierKemen 4 M
14%
2008 - 2011 Sénégal LamineGassama 25 D
13%
2018 - 2020 France OumarSolet 4 D
13%
2010 - 2011 France EnzoRéale 1 M
11%
2018 - 2019 France LennyPintor 2 A
11%
2008 - 2012 France Timothée Kolodziejczak 14 D
11%
2010 - 2013 Martinique HarryNovillo 4 A
9%
2016 - 2017 Angola JordyGaspar 3 D
9%
2011 - 2012 France MathieuValverde 1 G
9%
2023 - 2024 Tunisie Chaim El Djebali 1 M
8%
2013 - 2016 France ZakarieLabidi 3 M
8%
2021 - 2022 France HugoVogel 2 D
7%
2020 -2021 France Yahya Soumaré 4 A
7%
Aucun quiz correspondant
Distribution des résultats
% des personnes avec chaque résultat
Percentile par nombre de réponses
Votre historique - résultats
Vous n’avez pas pris ce quiz depuis la dernière actualisation